000
00223nam a22000857a 4500
008
170617b xxu||||| |||| 00| 0 eng d
100
_9
3495
_a
Kumar. K
245
_a
The child language hand book
260
_a
New Delhi
_b
N. B. T
_c
2006
999
_c
6878
_d
6878